The protectors (Record no. 1286)

000 -LEADER
fixed length control field 00983nam a22003257a 4500
001 - CONTROL NUMBER
control field 3606232
003 - CONTROL NUMBER IDENTIFIER
control field OSt
005 - DATE AND TIME OF LATEST TRANSACTION
control field 20210426100437.0
008 - FIXED-LENGTH DATA ELEMENTS--GENERAL INFORMATION
fixed length control field 721221s1972 nyu 000 1 eng
010 ## - LIBRARY OF CONGRESS CONTROL NUMBER
LC control number 72080530
020 ## - INTERNATIONAL STANDARD BOOK NUMBER
International Standard Book Number 0802752624
040 ## - CATALOGING SOURCE
Original cataloging agency DLC
Transcribing agency DLC
Modifying agency DLC
Language of cataloging eng
041 ## - LANGUAGE CODE
Language code of text/sound track or separate title eng
050 00 - LIBRARY OF CONGRESS CALL NUMBER
Classification number PZ4.C6225
Item number Pt3
Classification number PR6053.L38
080 ## - UNIVERSAL DECIMAL CLASSIFICATION NUMBER
Universal Decimal Classification number 821.111
Item number H-15
082 00 - DEWEY DECIMAL CLASSIFICATION NUMBER
Classification number 823/.9/14
100 1# - MAIN ENTRY--PERSONAL NAME
Personal name Haggard, William.
245 14 - TITLE STATEMENT
Title The protectors
Statement of responsibility, etc. [by] William Haggard.
Remainder of title / by: Walker and Company
260 ## - PUBLICATION, DISTRIBUTION, ETC.
Place of publication, distribution, etc. New York
Name of publisher, distributor, etc. Walker and Company
Date of publication, distribution, etc. [1972]
300 ## - PHYSICAL DESCRIPTION
Extent 187 p.
Dimensions 22 cm.
350 ## - PRICE (NR) (BK AM CF MU VM SE) [OBSOLETE]
Price $5.95
365 ## - TRADE PRICE
Price amount 5.95 usd
650 #0 - SUBJECT ADDED ENTRY--TOPICAL TERM
Topical term or geographic name entry element Government investigators
Geographic subdivision Great Britain
General subdivision Fiction.
650 #0 - SUBJECT ADDED ENTRY--TOPICAL TERM
Topical term or geographic name entry element English literature
9 (RLIN) 254
653 ## - INDEX TERM--UNCONTROLLED
Uncontrolled term ინგლისური ლიტერატურა
655 #7 - INDEX TERM--GENRE/FORM
Genre/form data or focus term Detective and mystery stories.
Source of term gsafd
655 #7 - INDEX TERM--GENRE/FORM
Genre/form data or focus term Political fiction.
Source of term lcsh
906 ## - LOCAL DATA ELEMENT F, LDF (RLIN)
a 7
b cbc
c orignew
d 2
e opcn
f 19
g y-gencatlg
942 ## - ADDED ENTRY ELEMENTS (KOHA)
Source of classification or shelving scheme
Koha item type Books
Holdings
Withdrawn status Lost status Source of classification or shelving scheme Damaged status Not for loan Permanent location Current location Date acquired Inventory number Total Checkouts Full call number Barcode Date last seen Price effective from Koha item type
          Ken Walker International University Ken Walker International University 02/10/2021 1373   821.111 H-15 1373 02/10/2021 02/10/2021 Books

Powered by Koha